00675cam a22002411 4500001001300000003000400013005001700017008004100034010001700075025001500092035002000107040002300127042001200150050001800162100002200180245006500202260005900267300001800326504003100344650002600375650001500401999001700416sa 67004071 DLC20260227112343.0840510s1964 ce b 000 0 eng  asa 67004071  aPL480:C-23 a(OCoLC)10717698 aDLCcNRUdNRUdDLC apremarc00aLA1154.C3bJ31 aJayasuriya, J. E.10aSome issues in Ceylon education, 1964c[by] J.E. Jayasuriya. aPeradeniya,bAssociated Educational Publishersc[1964] a87 p.c23 cm. aBibliographical footnotes. 0aEducationzSri Lanka. 0aEducation. c74245d74245